Eine Liebesgeschichte ; Reise nach Krakau : zwei Erzählungen /

Bibliographic Details
Main Author: Brězan, Jurij
Format: Book
Language:German
Published: Berlin : Neues Leben, [1987]
Series:Brezan, Jurij. Ausgewahlte Werke in Einzelausgaben ; Bd. 6.

MARC

Tag First Indicator Second Indicator Subfields
LEADER 00000cam a2200000 a 4500
001 in00000010547
005 20151007051407.0
008 870811s1987 wb 00011 ger d
020 |a 3355003387 
035 |a (OCoLC)16414311 
035 |9 AAA2765AM 
040 |a RCE  |c RCE  |d UtOrBLW 
049 |a TXAM  |c [A08560912] 
050 4 |a PT2603.R575  |b L53 1987 
100 1 |a Brězan, Jurij. 
245 1 5 |a Eine Liebesgeschichte ; Reise nach Krakau :  |b zwei Erzählungen /  |c Jurij Brězan. 
264 1 |a Berlin :  |b Neues Leben,  |c [1987] 
264 4 |c ©1987 
300 |a 272 pages ;  |c 21 cm. 
336 |a text  |b txt  |2 rdacontent 
337 |a unmediated  |b n  |2 rdamedia 
338 |a volume  |b nc  |2 rdacarrier 
490 1 |a Ausgewählte Werke in Einzelausgaben / Jurij Brězan ;  |v Bd. 6 
740 0 |a Reise nach Krakau. 
800 1 |a Brezan, Jurij.  |t Ausgewahlte Werke in Einzelausgaben ;  |v Bd. 6. 
999 |a MARS 
999 f f |s 9b522034-9eb2-3236-bdce-7bb094509535  |i a422aed5-a323-3ffa-9d6d-081e276df71b  |t 0 
952 f f |p ric  |a Texas A&M University  |b Rellis Campus  |c Joint Library Facility  |d Remote Storage  |t 0  |e PT2603.R575 L53 1987  |h Library of Congress classification  |i unmediated -- volume  |m A14808560912 
998 f f |a PT2603.R575 L53 1987  |t 0  |l Remote Storage